| Поле | Инд. | ПП | Название | Значение |
|---|---|---|---|---|
| Тип записи | a | |||
| Библиографический уровень | m | |||
| 001 | Контрольный номер | 55498fb73ea345b3bae19ddd5ff40bf3 | ||
| 005 | Дата корректировки | 20200413171401.5 | ||
| 008 | Кодируемые данные | 200311|||||||||ru |||||||||||||||||rus|| | ||
| 041 | 0_ | a | Код языка текста | rus |
| 084 | a | Индекс другой классификации/Индекс ББК | 77+24+28.5 | |
| 090 | a | Полочн. индекс | 77 | |
| x | Авторский знак | Г 67 | ||
| 100 | 1_ | a | Автор | Горбунова С. И. |
| e | Роль лиц | Составитель | ||
| 203 | a | Вид содержания | Текст | |
| c | Тип средства | непосредственное | ||
| 245 | 10 | a | Заглавие | С миру по нитке |
| b | Продолж. заглавия | сборник загадок, викторин, интересных фактов по биологии, химии | ||
| 260 | a | Место издания | Мурманск | |
| b | Издательство | МАГУ | ||
| c | Дата издания | 2016 | ||
| 300 | a | Объем | 120 с. | |
| 504 | a | Библиография | Библиогр.: в тексте | |
| 520 | 0_ | a | Аннотация | В сборнике представлены загадки, викторины, шарады, интересные факты по биологии, химии. Может быть полезен дополнительного образования |
| 650 | 04 | a | Основная рубрика | Биология-Викторины |
| 650 | 04 | a | Основная рубрика | Химия-Викторины |
| 653 | 0_ | a | Ключевые слова | Викторины |
| a | Ключевые слова | Биология | ||
| a | Ключевые слова | Загадки | ||
| a | Ключевые слова | Химия | ||
| a | Ключевые слова | Шарады | ||
| 900 | a | Имя макрообъекта | С миру по нитке | |
| 901 | t | Тип документа | m |